Score 0/21 Timer 03:00
1 Play Today
First Year Team % Correct
1882Cincinnati Reds
96.6%
1903New York Yankees
95%
1901Boston Red Sox
94.8%
1876Chicago Cubs
92.8%
1901Chicago White Sox
92.1%
1993Miami Marlins
90.1%
1962New York Mets
89.8%
1962Houston Astros
85.8%
1998Tampa Bay Rays
85.5%
1998Arizona Diamondbacks
84.4%
1977Seattle Mariners
84.3%
First Year Team % Correct
1882Pittsburgh Pirates
84%
1993Colorado Rockies
83.1%
1883Philadelphia Phillies
82.9%
1882St. Louis Cardinals
82.5%
1901Cleveland Indians
81.4%
1901Detroit Tigers
79.6%
1977Toronto Blue Jays
79.2%
1969San Diego Padres
76.3%
1969Kansas City Royals
74.2%
1961Los Angeles Angels
73.1%
Remove Ads.
Support Sporcle.
Get the best of Sporcle when you Go Orange. This ad-free experience offers more features, more stats, and more fun while also helping to support Sporcle. Thank you for becoming a member.

You're not logged in!

Compare scores with friends on all Sporcle quizzes.
OR
Log In

Show Comments

Extras

Top Quizzes Today


Score Distribution

Your Account Isn't Verified!

In order to create a playlist on Sporcle, you need to verify the email address you used during registration. Go to your Sporcle Settings to finish the process.

Report this User

Report this user for behavior that violates our Community Guidelines.

Details: